000 00357 a2200169 4500
001 190686
020 _a85-01-07408-X
040 _cMagnum
100 _aBerry, Steve
240 1 0 _aA sala de âmbar
_lpor
245 1 0 _aA sala de âmbar
300 _a475
362 0 _a2006
440 1 _aRecord
697 _aLITERATURA GERAL ESTRANGEIRA
942 _cBK
999 _c190686
_d190686